Sports Quiz

Random Sports Quiz
Score 0/18 Timer 05:00
0 Plays Today
Region & number of times participated Club % Correct
West Region (8)Auchinleck Talbot
89.9%
East Region (7)Linlithgow Rose (also participated 2018 onwards but are no longer Juniors)
87%
West Region (2)Pollok
71%
West Region (3)Beith
71%
North Region (8)Banks O'Dee
65.2%
East Region (3)Bonnyrigg Rose Athletic (also participated 2018 onwards but are no longer Juniors)
65.2%
West Region (13)Girvan (also pre-2007 via Qualifying Cup)
60.9%
West Region (3)Irvine Meadow XI
56.5%
West Region (1)Hurlford United
53.6%
Region & number of times participated Club % Correct
West Region (1)Glenafton Athletic
51%
East Region (3)Bo'ness United (no longer Juniors)
50.7%
North Region (4)Culter
50.7%
East Region (1)Kelty Hearts (also participated 2017 onwards but are no longer Juniors)
49.3%
East Region (2)Lochee United
43.5%
North Region (1) Sunnybank
34.8%
West Region (1)Shotts Bon Accord
31.9%
East Region (1)Bathgate Thistle
30.4%
North Region (2)Hermes
30.4%
Come Together.
Have Fun.
All Virtual.
We all need to come together. Play Sporcle's virtual live trivia to have fun, connect with people, and get your trivia on. Join a live hosted trivia game for your favorite pub trivia experience done virtually. If a virtual private party is more your thing, go here for details.

You're not logged in!

Compare scores with friends on all Sporcle quizzes.
OR
Log In

Sporcle TV

Today on Sporcle TV


Watch our educational content, quiz creation guides, and fun videos on Sporcle TV.

Show Comments

Extras

Created Feb 7, 2016ReportNominate
Tags:club, cup, junior, region, scottish

Top Quizzes Today


Score Distribution

Paid Content

Your Account Isn't Verified!

In order to create a playlist on Sporcle, you need to verify the email address you used during registration. Go to your Sporcle Settings to finish the process.

Report this User

Report this user for behavior that violates our Community Guidelines.

Details: